[Event "Philadelphia op 10th"]
[Site "Philadelphia"]
[Date "2016.03.26"]
[Round "7"]
[White "Balakrishnan, Praveen"]
[Black "Duarte, Martirez"]
[Result "0-1"]
[WhiteElo "2377"]
[BlackElo "2167"]
[PlyCount "124"]
[EventDate "2016.03.23"]
[EventType "swiss"]
[EventRounds "9"]
[EventCountry "USA"]
[SourceTitle "CBM 171 Extra"]
[Source "ChessBase"]
[SourceDate "2016.04.26"]
[SourceVersion "1"]
[SourceVersionDate "2016.04.26"]
[SourceQuality "1"]

1. e4 e5 2. Nf3 Nf6 3. Nxe5 d6 4. Nf3 Nxe4 5. Nc3 Nxc3 6. dxc3 Be7 7. Be3 0-0 8. Qd2 Nc6 9. 0-0-0 Be6 10. Be2 Bf6 11. h4 a5 12. Kb1 a4 13. Ng5 Qd7 14. Bd3 Bf5 15. g4 Bxd3 16. Qxd3 g6 17. f4 Rfe8 18. Rdg1 Qe7 19. Bc1 h6 20. Nh3 Qe4 21. Qg3 a3 22. bxa3 Na5 23. g5 Bh8 24. gxh6 Qc6 25. h5 Bxc3 26. Bb2 Bxb2 27. hxg6 Qb6 28. gxf7+ Kxf7 29. Qg6+ Ke7 30. Re1+ Kd7 31. Qg4+ Kc6 32. Qg2+ Kc5 33. c4 Bc3+ 34. Kc1 Nxc4 35. Qf2+ Bd4 36. Qc2 Qb2+ 37. Qxb2 Bxb2+ 38. Kc2 Rxe1 39. Rxe1 Rxa3 40. Ng5 Rc3+ 41. Kb1 d5 42. h7 Rg3 43. Rc1 Bf6 44. Rh1 Rg2 45. h8Q Na3+ 46. Kc1 Bxh8 47. Rxh8 Rxa2 48. Ra8 b5 49. f5 b4 50. f6 Ra1+ 51. Kb2 Rb1+ 52. Ka2 b3+ 53. Kxa3 Ra1+ 54. Kxb3 Rxa8 55. f7 Kd6 56. Kc3 c5 57. Kd3 Ke7 58. Ke3 Rf8 59. Kf4 Rxf7+ 60. Ke5 Rf1 61. Nh3 c4 62. Kd4 c3 0-1

[Event "DOM-ch"]
[Site "Santo Domingo"]
[Date "2015.05.15"]
[Round "9"]
[White "Duarte, Martirez"]
[Black "Dominguez, Jose Manuel"]
[Result "0-1"]
[WhiteElo "2188"]
[BlackElo "2291"]
[PlyCount "146"]
[EventDate "2015.05.01"]
[EventType "swiss"]
[EventRounds "11"]
[EventCountry "DOM"]
[SourceTitle "CBM 166 Extra"]
[Source "ChessBase"]
[SourceDate "2015.06.18"]
[SourceVersion "1"]
[SourceVersionDate "2015.06.18"]
[SourceQuality "1"]

1. d4 Nf6 2. c4 d6 3. Nc3 Nbd7 4. e4 e5 5. Nf3 Be7 6. Be2 0-0 7. 0-0 Re8 8. Rb1 Bf8 9. d5 Nc5 10. Nd2 a5 11. b3 g6 12. a3 Bh6 13. Qc2 Bg4 14. Bxg4 Nxg4 15. Nf3 Bxc1 16. Rfxc1 f5 17. b4 axb4 18. axb4 fxe4 19. Nxe4 Nxe4 20. Qxe4 Nh6 21. Ra1 Rb8 22. c5 Rf8 23. g3 Qf6 24. Ra3 Nf5 25. Rc2 Kh8 26. cxd6 cxd6 27. Rac3 Rbe8 28. Rc7 b5 29. Qg4 Re7 30. Qg5 Qf7 31. Rc8 Rxc8 32. Rxc8+ Kg7 33. Qd2 Nxg3 34. Ng5 Qf5 35. Ne6+ Rxe6 36. dxe6 Qb1+ 37. Kg2 Nf5 38. f3 Kf6 39. e7 Kxe7 40. Qg5+ Ke6 41. Re8+ Kd5 42. Qd2+ Nd4 43. Rc8 Qb3 44. Rf8 Ke6 45. Qg5 Qc2+ 46. Kh3 Nf5 47. Qf6+ Kd5 48. Qf7+ Kd4 49. Qa7+ Kd3 50. Qb7 Ke3 51. Rc8 Qd3 52. Qe4+ Qxe4 53. fxe4 Kxe4 54. Rb8 Nd4 55. Rb7 Kf3 56. Rb6 d5 57. Rd6 Ke4 58. Kg2 Nc2 59. Rb6 Nxb4 60. Rxb5 Nd3 61. Kf1 d4 62. Ke2 Nf4+ 63. Kd2 h5 64. Rb3 g5 65. Rb8 Kf3 66. Rb3+ d3 67. Rb5 e4 68. Rxg5 e3+ 69. Kd1 Ng2 70. Re5 Kf2 71. Rf5+ Kg1 72. Re5 e2+ 73. Kd2 e1Q+ 0-1

[Event "DOM-ch"]
[Site "Santo Domingo"]
[Date "2015.05.10"]
[Round "8"]
[White "Nunez, Joel"]
[Black "Duarte, Martirez"]
[Result "0-1"]
[WhiteElo "2192"]
[BlackElo "2188"]
[PlyCount "92"]
[EventDate "2015.05.01"]
[EventType "swiss"]
[EventRounds "11"]
[EventCountry "DOM"]
[SourceTitle "CBM 166 Extra"]
[Source "ChessBase"]
[SourceDate "2015.06.18"]
[SourceVersion "1"]
[SourceVersionDate "2015.06.18"]
[SourceQuality "1"]

1. Nf3 Nf6 2. c4 e6 3. d4 d5 4. Nc3 Be7 5. Bg5 0-0 6. e3 Nbd7 7. Rc1 c6 8. Qc2 b6 9. cxd5 cxd5 10. Bd3 Bb7 11. 0-0 Rc8 12. Qe2 Ne4 13. Bxe7 Qxe7 14. Ba6 Nxc3 15. Rxc3 Rxc3 16. bxc3 Nf6 17. Nd2 Rc8 18. Bxb7 Qxb7 19. Rc1 Rc7 20. f3 Qc8 21. Qd3 Ne8 22. e4 Nd6 23. exd5 exd5 24. f4 h6 25. Qf3 Nb5 26. Nb1 Nxd4 27. Qd3 Rc4 28. Re1 Ne6 29. Qxd5 Nxf4 30. Qf3 Qc5+ 31. Kh1 Qd5 32. Qf2 Re4 33. Rxe4 Qxe4 34. Nd2 Qe5 35. h3 Nd3 36. Qf3 Qe1+ 37. Nf1 Nf2+ 38. Kg1 Ne4 39. Qg4 Qf2+ 40. Kh2 f5 41. Qd1 Qxa2 42. Qd8+ Kh7 43. Ne3 Qe6 44. Qh4 Qe5+ 45. Kg1 Qg3 46. Qh5 Qxe3+ 0-1

[Event "DOM-ch"]
[Site "Santo Domingo"]
[Date "2015.05.08"]
[Round "5"]
[White "Rodriguez, Carlos Manuel"]
[Black "Duarte, Martirez"]
[Result "0-1"]
[WhiteElo "2010"]
[BlackElo "2188"]
[PlyCount "88"]
[EventDate "2015.05.01"]
[EventType "swiss"]
[EventRounds "11"]
[EventCountry "DOM"]
[SourceTitle "CBM 166 Extra"]
[Source "ChessBase"]
[SourceDate "2015.06.18"]
[SourceVersion "1"]
[SourceVersionDate "2015.06.18"]
[SourceQuality "1"]

1. d4 Nf6 2. c4 g6 3. f3 c5 4. d5 Bg7 5. e4 d6 6. Nc3 0-0 7. Be3 Nbd7 8. Qd2 a6 9. Nge2 Rb8 10. Ng3 h5 11. h4 Ne5 12. Be2 Qa5 13. Nb1 Qxd2+ 14. Nxd2 b5 15. cxb5 axb5 16. Rb1 e6 17. dxe6 Bxe6 18. a3 Nfd7 19. 0-0 Nc4 20. Nxc4 bxc4 21. Bf4 Bd4+ 22. Kh2 Ne5 23. Rfd1 Rb3 24. Bf1 Rfb8 25. Ne2 Rxb2 26. Rxb2 Rxb2 27. Kg3 Nc6 28. Bxd6 c3 29. Rc1 c2 30. Nxd4 Nxd4 31. Be5 Rb1 32. Bf4 Rxc1 33. Bxc1 Nb3 34. Be3 c1Q 35. Bxc1 Nxc1 36. Kf2 c4 37. Ke1 Nb3 38. Kd1 Nc5 39. Kd2 Na4 40. Ke3 c3 41. Bb5 Bb3 42. Kd3 c2 43. Kd2 Nc3 44. a4 Na2 0-1

[Event "Santo Domingo AES Cup 2nd"]
[Site "Santo Domingo"]
[Date "2012.12.07"]
[Round "9"]
[White "Subervi Nunez, Jonathan Sigfredo"]
[Black "Duarte, Martirez"]
[Result "1-0"]
[WhiteElo "2204"]
[BlackElo "2166"]
[PlyCount "123"]
[EventDate "2012.12.01"]
[EventType "swiss"]
[EventRounds "9"]
[EventCountry "DOM"]
[SourceTitle "CBM 151 Extra"]
[Source "ChessBase"]
[SourceDate "2012.12.18"]
[SourceVersion "1"]
[SourceVersionDate "2012.12.18"]
[SourceQuality "1"]

1. d4 Nf6 2. c4 g6 3. Nf3 c5 4. Nc3 cxd4 5. Nxd4 Bg7 6. e4 d6 7. Be2 0-0 8. 0-0 Na6 9. Be3 Nc5 10. f3 a5 11. Qd2 Bd7 12. b3 Rc8 13. Rab1 Na6 14. a3 Ne8 15. Rfc1 e5 16. Ndb5 Bxb5 17. cxb5 Nc5 18. Nd5 Kh8 19. b6 f5 20. exf5 gxf5 21. Qxa5 e4 22. Qd2 exf3 23. Bxf3 Ne4 24. Bxe4 fxe4 25. Rf1 Nf6 26. Nxf6 Rxf6 27. Bd4 Rxf1+ 28. Rxf1 Qe7 29. Re1 Re8 30. Bxg7+ Kxg7 31. Qd4+ Kg6 32. Re3 Qe5 33. Rg3+ Kf7 34. Qxe5 Rxe5 35. a4 d5 36. Kf2 d4 37. Ke2 Rc5 38. Rg4 d3+ 39. Ke3 Rd5 40. Rf4+ Kg6 41. Rf1 d2 42. Rd1 Rd3+ 43. Kxe4 Rxb3 44. a5 Rb2 45. Ke5 Rc2 46. Kd4 Ra2 47. Kc3 Rxa5 48. Rxd2 Rc5+ 49. Kb4 Rc6 50. Kb5 Rc1 51. Rd7 Rb1+ 52. Kc5 Rc1+ 53. Kd5 Rd1+ 54. Ke6 Re1+ 55. Kd6 Re2 56. Rxb7 Rxg2 57. Ra7 Rxh2 58. Ra5 Rb2 59. Kc6 Rc2+ 60. Rc5 Rb2 61. b7 Rxb7 62. Kxb7 1-0

[Event "Santo Domingo AES Cup 2nd"]
[Site "Santo Domingo"]
[Date "2012.12.04"]
[Round "5"]
[White "Munoz Santana, Jose Lisandro"]
[Black "Duarte, Martirez"]
[Result "1-0"]
[WhiteElo "2415"]
[BlackElo "2166"]
[PlyCount "41"]
[EventDate "2012.12.01"]
[EventType "swiss"]
[EventRounds "9"]
[EventCountry "DOM"]
[SourceTitle "CBM 151 Extra"]
[Source "ChessBase"]
[SourceDate "2012.12.18"]
[SourceVersion "1"]
[SourceVersionDate "2012.12.18"]
[SourceQuality "1"]

1. e4 d6 2. d4 Nf6 3. Nc3 g6 4. Nf3 Bg7 5. Be3 0-0 6. Qd2 Re8 7. Bh6 Bh8 8. 0-0-0 c6 9. h4 Qa5 10. h5 Bg4 11. hxg6 hxg6 12. Qf4 e5 13. dxe5 dxe5 14. Qg3 Nbd7 15. Bc4 b5 16. Bb3 b4 17. Rxd7 Be6 18. Nh4 Nh5 19. Qf3 Nf6 20. Nxg6 fxg6 21. Qg3 1-0

[Event "Santo Domingo AES Cup 2nd"]
[Site "Santo Domingo"]
[Date "2012.12.03"]
[Round "4"]
[White "Duarte, Martirez"]
[Black "Velez Espiritusantos, Brunildo E"]
[Result "1-0"]
[WhiteElo "2166"]
[BlackElo "2094"]
[PlyCount "93"]
[EventDate "2012.12.01"]
[EventType "swiss"]
[EventRounds "9"]
[EventCountry "DOM"]
[SourceTitle "CBM 151 Extra"]
[Source "ChessBase"]
[SourceDate "2012.12.18"]
[SourceVersion "1"]
[SourceVersionDate "2012.12.18"]
[SourceQuality "1"]

1. c4 Nf6 2. Nf3 c6 3. g3 e6 4. Bg2 d5 5. cxd5 exd5 6. 0-0 Be7 7. d3 0-0 8. b3 Bf5 9. Nbd2 h6 10. Bb2 Nbd7 11. h3 Bh7 12. Re1 Nc5 13. b4 Ne6 14. a3 Qb6 15. Qb3 a6 16. e4 dxe4 17. dxe4 Rad8 18. Nc4 Qc7 19. Be5 Qd7 20. Rad1 Qe8 21. Nd6 Bxd6 22. Bxd6 Rxd6 23. Rxd6 Nxe4 24. Rdd1 Nf6 25. Ne5 Kh8 26. Nxf7+ Qxf7 27. Qxe6 Qc7 28. Qd6 Qc8 29. Re7 Rg8 30. Rxg7 Kxg7 31. Qe7+ Kg6 32. Rd6 Qf8 33. Be4+ Kh5 34. Qe5+ Rg5 35. Qxf6 Qxf6 36. Rxf6 Rg7 37. Bxh7 Rxh7 38. f4 Rd7 39. Kf2 Rd2+ 40. Ke3 Ra2 41. g4+ Kh4 42. Rxh6+ Kg3 43. f5 Rxa3+ 44. Ke4 Ra4 45. f6 a5 46. f7 Rxb4+ 47. Ke5 1-0

[Event "DOM-ch"]
[Site "Santo Domingo"]
[Date "2010.04.09"]
[Round "1"]
[White "Duarte, Martirez"]
[Black "Olivo, Lewis"]
[Result "1-0"]
[WhiteElo "2200"]
[BlackElo "2011"]
[PlyCount "96"]
[EventDate "2010.04.09"]
[EventType "swiss"]
[EventRounds "11"]
[EventCountry "DOM"]
[SourceTitle "EXT 2012"]
[Source "ChessBase"]
[SourceDate "2011.11.24"]
[SourceVersion "1"]
[SourceVersionDate "2011.11.24"]
[SourceQuality "1"]

1. Nf3 Nf6 2. d4 g6 3. g3 Bg7 4. Bg2 0-0 5. 0-0 c6 6. c4 d6 7. Nc3 Nbd7 8. e4 Qc7 9. h3 e5 10. d5 a5 11. Re1 Nc5 12. Rb1 Bd7 13. g4 h6 14. g5 hxg5 15. Bxg5 Rfe8 16. b3 Nh7 17. Be3 Na6 18. a3 c5 19. Nb5 Qd8 20. Qd2 b6 21. Bh6 Bxb5 22. Bxg7 Kxg7 23. cxb5 Nc7 24. a4 Rh8 25. Qc3 Ne8 26. Rbd1 f6 27. h4 Qc8 28. Nd2 Qg4 29. Qg3 Qf4 30. Nc4 Rb8 31. Qxf4 exf4 32. h5 Ng5 33. hxg6 f3 34. Bf1 Kxg6 35. Re3 Rb7 36. Nd2 Rbh7 37. Nxf3 Nxf3+ 38. Rxf3 Rh1+ 39. Kg2 R1h2+ 40. Kg3 R2h4 41. Re3 Ng7 42. Kf3 Nh5 43. Ke2 Rf4 44. Rf3 Rxe4+ 45. Kd2 Rd4+ 46. Bd3+ Kf7 47. Ke3 Ke7 48. Rg1 Rxd5 1-0

[Event "Santo Domingo op"]
[Site "Santo Domingo"]
[Date "2006.11.04"]
[Round "7"]
[White "Duarte, Martirez"]
[Black "Coplin, Jose"]
[Result "0-1"]
[WhiteElo "2136"]
[BlackElo "2117"]
[PlyCount "78"]
[EventDate "2006.10.31"]
[EventType "swiss"]
[EventRounds "9"]
[EventCountry "DOM"]
[SourceTitle "EXT 2007"]
[Source "ChessBase"]
[SourceDate "2006.11.23"]
[SourceVersion "1"]
[SourceVersionDate "2006.11.23"]
[SourceQuality "1"]

1. d4 Nf6 2. c4 g6 3. Nc3 d5 4. Nf3 Bg7 5. c5 0-0 6. Bf4 c6 7. b4 b6 8. a3 bxc5 9. bxc5 Qa5 10. Bd2 Qc7 11. Qc1 Nbd7 12. e3 e5 13. Be2 exd4 14. exd4 Ne4 15. 0-0 Nxd2 16. Qxd2 Nf6 17. Qc2 Bg4 18. Qa4 Ne4 19. Rfc1 Rfe8 20. Bd1 Nxc3 21. Rxc3 Re4 22. Rd3 Rae8 23. Qb4 Qf4 24. Ba4 Qc7 25. Rad1 Bxf3 26. Rxf3 Bxd4 27. Qd2 Re2 28. Qc1 Qa5 29. g3 Qxa4 30. Kg2 Bg7 31. Rf1 Qe4 32. a4 Re6 33. Qf4 Qxf4 34. Rxf4 R6e4 35. Rb1 Rxf4 36. Rb8+ Bf8 37. gxf4 Ra2 38. Rc8 Rxa4 39. Rxc6 Ra5 0-1